Responses for Show #1532 - Tuesday, April 9, 1991

Contestants

[<< previous game]

Jennifer Gottschalk, an attorney originally from Kensington, Maryland

Sal DeLuca, a sales executive from Valley Stream, New York

James Hyder, a systems manager from Columbia, Maryland (whose 1-day cash winnings total $7,201)

[next game >>]

Jeopardy! Round responses

HISTORIC NAMES
CELEBRITY INVENTIONS
SPORTS
THEATRICAL TERMS
FASHION
(Alex: And finally, our tribute to...)
COLUMBUS, OHIO
    $100 11
[Alex reads "Y. Breshko-Breskovskaya" as "Yekaterina Breshko-Breskovskaya".]

Russia

Sal
    $100 22
the Marx Brothers

Sal
    $100 3
(Sal: What are the, uh, 3-meter and 10-meter?)

the springboard & the platform

SalJennifer
    $100 1
a cast

James
    $100 21
the waist

James
    $100 12
a gas station

Sal
    $200 17
the Caribbean

James
    $200 23
Edie Adams

Sal
    $200 4
bogey

James
    $200 2
the wings

Jennifer
    $200 27
a blouse

Triple Stumper
    $200 13
(Jennifer: What is a sundae?)

a banana split

SalJennifer
    $300 18
Prince Henry

Jennifer
    $300 24
Hedy Lamarr

Triple Stumper
    $300 6
tack

Triple Stumper
    $300 5
break a leg

Sal
    $300 28
a pleat

Jennifer
    $400 14
a state capital (a capital city accepted)

Sal
    $400 19
Constantine

Jennifer
    $400 25
Paul Winchell

Sal
    $400 7
(Alex: You are right; she was the first woman to finish in that race.)

the New York City Marathon

Jennifer
    $400 9
(James: What is a runway?)

an apron

James
Triple Stumper
    $400 29
a sleeve

Jennifer
    $400 15
Ohio State University

Sal
    $500 20
(Alex: Turn-of-the-century British king was Victoria's son, [*].)

Edward VII

Triple Stumper
    $500 26
John Dos Passos

Jennifer
    $500 8
4

James
    $500 10
method

James
    $500 30
[Alex reads "OFr." as "Old French".]

a maillot

Triple Stumper
    $500 16
the Santa Maria

Sal

Scores at the first commercial break (after clue 14):

James Sal Jennifer
$900 $1,000 $500

Scores at the end of the Jeopardy! Round:

James Sal Jennifer
$1,200 $2,600 $2,400

Double Jeopardy! Round responses

AMERICAN LITERATURE
ANTS
WORLD WAR II
GEOGRAPHY
ART
ALPHABET SOUP
    $200 1
medicine

James
    $200 25
laying eggs

James
    $200 10
England

Jennifer
    $200 3
the Spice Islands

James
    $200 17
Grandma Moses

James
    $200 15
the QT

James
    $400 2
Edgar Allan Poe

Jennifer
    $400 27
army ants

Jennifer
    $400 11
Joseph Goebbels

Sal
    $400 6
(2 of) Ecuador, Brazil, & Colombia

Sal
    $1,000 19
(Peter Paul) Rubens

Jennifer
    $400 16
E (in E Pluribus Unum)

Jennifer
    $600 4
Saul Bellow

Triple Stumper
    $600 28
aphids

Jennifer
    $600 12
Charles de Gaulle

Sal
    $600 7
Manitoba

Jennifer
    $600 20
(Sal: Who was Albrecht?)

Hans Holbein

Sal
Triple Stumper
    $600 18
G

Jennifer
    $800 5
H.L. Mencken

Sal
    $800 29
carpenter ants

Sal
    $800 13
[Alex reads "B. Burns" as "Bob Burns".]

the bazooka

Triple Stumper
    $800 8
Soweto

Sal
    $800 21
Mary Cassatt

Jennifer
    $800 23
AV (for authorized version)

Triple Stumper
    $1000 26
Carson McCullers

Sal
    $1000 30
(James: What are leaves?)

seeds

James
Triple Stumper
    $1000 14
Panzer divisions

Sal
    $1000 9
Rabat

Jennifer
    $1000 22
Henri Rousseau

Triple Stumper
    $1,200 24
(Jennifer: What is MCA?)

JVC (for Japan Victor Corporation)

Jennifer

Scores at the end of the Double Jeopardy! Round:

James Sal Jennifer
$1,200 $7,800 $7,200

[wagering suggestions for these scores]

Final Jeopardy! Round responses

WORLD LEADERS
(Alex: The song was not "Bridge Over Trouble Water", although there were some troubled waters, here, I fear, as you were trying to come up with the identity of the new president of Ireland.)
...
(Alex: [After Sal's response is revealed] Éamon de Valera, no, you're going back in time.)
(Sal: I thought it might have been his--it might have been a daughter.)
JamesWho is ?
$0
JenniferWho is Cecelia Quinn?
$4,799
SalWho is de Valera?
$6,601
Mary Robinson

Final scores:

James Sal Jennifer
$1,200 $1,199 $2,401
2nd place: a trip to Miami on Delta Airlines + a 4-night Bahamas cruise + a 3-night Walt Disney World vacation including hotel, rental car, & admissions + Jeopardy! 25th Anniversary box game from Pressman or the Jeopardy! Challenger scorekeeper 3rd place: Lucien Piccard his & hers watches + Jeopardy! 25th Anniversary box game from Pressman or the Jeopardy! Challenger scorekeeper New champion: $2,401 + Jeopardy! 25th Anniversary box game from Pressman or the Jeopardy! Challenger scorekeeper

Game dynamics:

Coryat scores:

James Sal Jennifer
$1,200 $7,700 $7,800
11 R,
2 W
18 R
(including 1 DD),
2 W
18 R
(including 1 DD),
2 W
(including 1 DD)

Combined Coryat: $16,700

[game clues] [game scores] [suggest correction]

Game tape date: 1991-02-12
The J! Archive is created by fans, for fans. Scraping, republication, monetization, and malicious use prohibited; this site may use cookies and collect identifying information. See terms. The Jeopardy! game show and all elements thereof, including but not limited to copyright and trademark thereto, are the property of Jeopardy Productions, Inc. and are protected under law. This website is not affiliated with, sponsored by, or operated by Jeopardy Productions, Inc. Join the discussion at JBoard.tv.